000
00225nam a2200097Ia 4500
008
240331s9999 xx 000 0 und d
082
_b
MUT
100
_a
Senthilnathan,S.V
245
0
_a
Indiath thathuvangalin arasial
942
_c
L
999
_c
4764
_d
4764